000 00604cam a22002052 4500
001 0000018459
005 20151217161144.0
008 091111s xx 000 0 eng d
020 _a0555014000x
040 _aKABU
_cKABU
245 1 0 _aChambers dictionary.
250 _a1st ed.
260 _aEdinburgh :
_bChambers Harrap,
_c1998.
300 _axxxi, 1981 p.
650 0 _aEnglish language
_vDictionaries.
_@0000148334
650 0 _aEnglish language
_xTerms and phrases.
_@0000177646
852 1 _9p5500 KES
908 _a091111
950 _@1
999 _c15138
_d15138